[Event "Titled Tue 20th May Early"]
[Site "chess.com INT"]
[Date "2025.05.20"]
[Round "7"]
[White "Vafin, Ayrat"]
[Black "Aarav A"]
[Result "0-1"]
[WhiteTitle "FM"]
[BlackTitle "CM"]
[WhiteElo "2302"]
[BlackElo "2207"]
[WhiteFideId "4146530"]
[BlackFideId "25162748"]
[EventDate "2025.05.20"]

1. Nf3 Nf6 2. g3 d5 3. Bg2 e6 4. O-O Be7 5. c4 O-O 6. b3 d4 7. e3 c5 8. exd4
cxd4 9. Re1 Nc6 10. a3 a5 11. d3 Bc5 12. Bg5 h6 13. Bxf6 Qxf6 14. Nbd2 Qe7 15.
Qc1 e5 16. Ne4 Ba7 17. Qb2 Bf5 18. b4 axb4 19. axb4 Bxe4 20. Rxe4 f5 21. Ree1 e4
22. b5 Qb4 23. Qxb4 Nxb4 24. Ne5 Nc2 25. dxe4 Nxa1 26. Rxa1 Bc5 27. Rd1 fxe4 28.
Bxe4 Ra2 29. Bd5+ Kh7 30. Be4+ g6 31. Nxg6 Rfxf2 32. Nf4+ Kh8 33. Nd3 Rfe2 34.
Nxc5 b6 35. Bf3 Re3 36. Rxd4 Re1# 0-1

[Event "Titled Tue 20th May Early"]
[Site "chess.com INT"]
[Date "2025.05.20"]
[Round "7"]
[White "Karvatskyi, Oleksii"]
[Black "Andriienko, Artom"]
[Result "1-0"]
[WhiteTitle "CM"]
[WhiteElo "2248"]
[BlackElo "2153"]
[WhiteFideId "14191059"]
[BlackFideId "34129510"]
[EventDate "2025.05.20"]

1. Nc3 c5 2. Nf3 Nc6 3. d4 cxd4 4. Nxd4 Nf6 5. Bg5 e6 6. Ndb5 d5 7. e4 a6 8.
exd5 axb5 9. dxc6 Qxd1+ 10. Rxd1 bxc6 11. a3 Nd5 12. Be2 f6 13. Nxd5 exd5 14.
Be3 Kf7 15. O-O h5 16. Bf3 Bf5 17. Rxd5 cxd5 18. Bxd5+ Kg6 19. Bxa8 Bxa3 20. Bc6
Bxb2 21. Bxb5 Bxc2 22. Bc1 Be5 23. f4 Bd4+ 24. Kh1 Rb8 25. Bc6 Bf5 26. h3 h4 27.
Kh2 Rb1 28. g4 hxg3+ 29. Kxg3 Be3 30. Re1 Bxc1 31. Re8 Rb3+ 32. Kf2 Bxf4 33. Rh8
Rb2+ 34. Kf3 Bh6 35. h4 Rb3+ 36. Kf2 Re3 37. Rxh6+ 1-0

[Event "Titled Tue 20th May Early"]
[Site "chess.com INT"]
[Date "2025.05.20"]
[Round "7"]
[White "Khodashenas, Mersad"]
[Black "Gibala, Adam"]
[Result "1/2-1/2"]
[WhiteTitle "IM"]
[BlackTitle "CM"]
[WhiteElo "2471"]
[BlackElo "2239"]
[WhiteFideId "12514195"]
[BlackFideId "21070288"]
[EventDate "2025.05.20"]

1. e4 c6 2. Nf3 d5 3. Nc3 Bg4 4. h3 Bxf3 5. Qxf3 e6 6. Be2 Nd7 7. O-O Ngf6 8. d4
dxe4 9. Nxe4 Nxe4 10. Qxe4 Nf6 11. Qd3 Be7 12. b3 O-O 13. Bb2 a5 14. a3 Nd5 15.
Qf3 Bf6 16. c4 Ne7 17. Rfd1 Nf5 18. Qe4 g6 19. g4 Ne7 20. Rd3 Bg7 21. Rad1 Qd7
22. Bc3 a4 23. b4 b5 24. cxb5 cxb5 25. d5 Nxd5 26. Bxg7 Kxg7 27. Qd4+ Kg8 28.
Bf3 Rac8 29. Bxd5 exd5 30. Qxd5 Qxd5 31. Rxd5 Rc3 32. R1d3 Rfc8 33. Kg2 Kg7 34.
g5 h6 35. h4 R8c4 36. Rxc3 Rxc3 37. Rxb5 Rxa3 38. Ra5 Ra1 39. Ra7 hxg5 40. hxg5
a3 41. b5 Rb1 42. Rxa3 1/2-1/2

[Event "Titled Tue 20th May Early"]
[Site "chess.com INT"]
[Date "2025.05.20"]
[Round "7"]
[White "Ghosh, Chanchal Kumer"]
[Black "Sanhueza, Cristian"]
[Result "0-1"]
[WhiteTitle "CM"]
[BlackTitle "FM"]
[WhiteElo "2018"]
[BlackElo "2182"]
[WhiteFideId "10201858"]
[BlackFideId "116815"]
[EventDate "2025.05.20"]

1. e4 e5 2. Nf3 d5 3. Nxe5 dxe4 4. d4 Nd7 5. Nxf7 Kxf7 6. Bc4+ Ke8 7. O-O Nb6 8.
Bb3 Nf6 9. Bg5 c5 10. dxc5 Qxd1 11. Rxd1 Bxc5 12. Bxf6 gxf6 13. Nc3 f5 14. Nb5
Kf8 15. Nc7 Rb8 16. Rd8+ Kg7 17. Rad1 Rxd8 18. Rxd8 Be7 19. Re8 Bd6 20. Nb5 Bd7
21. Nxd6 Bxe8 22. Nxf5+ Kf6 23. Ne3 Rd8 24. h4 Bf7 25. c4 Rd2 26. c5 Bxb3 27.
cxb6 Bxa2 28. bxa7 Rd8 29. Nc2 Ra8 30. Nb4 Rxa7 31. g4 Ra4 32. Nc2 Bb3 33. Ne3
Ra2 34. Kg2 Rxb2 35. Kg3 b5 36. g5+ Kg6 37. Ng4 b4 38. Ne5+ Kg7 39. h5 Bf7 40.
h6+ Kg8 41. Nc6 b3 42. Ne7+ Kf8 43. Nf5 Bg6 44. Nd6 0-1

[Event "Titled Tue 20th May Early"]
[Site "chess.com INT"]
[Date "2025.05.20"]
[Round "7"]
[White "Gholami Orimi, Mahdi"]
[Black "Krishnan, Varun"]
[Result "0-1"]
[WhiteTitle "GM"]
[BlackTitle "IM"]
[WhiteElo "2511"]
[BlackElo "2370"]
[WhiteFideId "12558486"]
[BlackFideId "5054508"]
[EventDate "2025.05.20"]

1. d4 d5 2. c4 e6 3. g3 Nf6 4. Bg2 dxc4 5. Nf3 a6 6. O-O Nc6 7. Nbd2 b5 8. b3 c3
9. Nb1 b4 10. a3 Rb8 11. axb4 Bxb4 12. Qd3 e5 13. Nxc3 exd4 14. Na4 O-O 15. Bb2
Be6 16. Rac1 Qd7 17. Rfd1 Rfd8 18. Nxd4 Nxd4 19. Bxd4 Qb5 20. Qe3 Ng4 21. Qf3
Ba3 22. Rb1 Ne5 23. Qc3 Bxb3 24. Bxe5 Rxd1+ 25. Rxd1 Bxd1 26. Bxc7 Rc8 0-1

[Event "Titled Tue 20th May Early"]
[Site "chess.com INT"]
[Date "2025.05.20"]
[Round "7"]
[White "Kawka, Milena"]
[Black "Moosavifar, Seyed Abolfazl"]
[Result "0-1"]
[WhiteTitle "WCM"]
[BlackTitle "FM"]
[WhiteElo "2004"]
[BlackElo "2303"]
[WhiteFideId "21095167"]
[BlackFideId "42548195"]
[EventDate "2025.05.20"]

1. e4 e6 2. d4 d5 3. Nc3 Bb4 4. Ne2 dxe4 5. a3 Bxc3+ 6. Nxc3 Nf6 7. Bg5 Nc6 8.
Bb5 Bd7 9. Nxe4 a6 10. Be2 Qe7 11. Qd3 O-O-O 12. O-O-O e5 13. d5 Nd4 14. c3 Bb5
15. c4 Ba4 16. Rde1 h6 17. Bxf6 gxf6 18. Bd1 Bxd1 19. Rxd1 f5 20. Ng3 Qg5+ 21.
Kb1 f4 22. Ne2 Nxe2 23. Qxe2 f6 24. g3 fxg3 25. hxg3 Rd7 26. Rh5 Qg6+ 27. Ka1
Rhd8 28. Rdh1 c6 29. Rxh6 Qf7 30. dxc6 bxc6 31. Qe4 Qe6 32. Ka2 Rd4 33. Qe2 Rd2
34. Qe4 R8d4 35. Qh7 Qxc4+ 36. Ka1 Rd1+ 37. Rxd1 Rxd1+ 38. Qb1 Rxb1+ 39. Kxb1
Qf1+ 40. Ka2 Qxf2 41. g4 Qf4 42. Rg6 e4 43. Rg8+ Kd7 44. Rg7+ Kd6 45. Rg6 e3 46.
g5 Qf3 47. Rxf6+ Qxf6 48. gxf6 e2 49. f7 Ke7 0-1

[Event "Titled Tue 20th May Early"]
[Site "chess.com INT"]
[Date "2025.05.20"]
[Round "7"]
[White "Kavutskiy, Kostya"]
[Black "Darmanin, Jake"]
[Result "1-0"]
[WhiteTitle "IM"]
[BlackTitle "CM"]
[WhiteElo "2356"]
[BlackElo "2065"]
[WhiteFideId "2026384"]
[BlackFideId "5601061"]
[EventDate "2025.05.20"]

1. d4 Nf6 2. Bg5 d5 3. Nd2 c5 4. e3 cxd4 5. exd4 Qb6 6. Nb3 Ne4 7. Bf4 Nc6 8.
Nf3 Bg4 9. c3 e5 10. Be3 exd4 11. Bxd4 Nxd4 12. Qxd4 Bxf3 13. gxf3 Qxd4 14. Nxd4
Nd6 15. Nb5 Nxb5 16. Bxb5+ Ke7 17. O-O-O Rd8 18. Bc4 Kf6 19. Rxd5 Rxd5 20. Bxd5
b6 21. b4 Bd6 22. Kc2 Rc8 23. Kb3 b5 24. h3 Be5 25. Rc1 Rc7 26. Rc2 Kf5 27. c4
bxc4+ 28. Rxc4 Rxc4 29. Kxc4 f6 30. a4 Bh2 31. Kd3 Bg1 32. Ke3 Ke5 33. Bg8 h6
34. a5 Kd6 35. Bc4 Kc6 36. h4 g5 37. h5 Kd6 38. b5 Kc5 39. b6 axb6 40. a6 Kc6
41. Bd5+ 1-0

[Event "Titled Tue 20th May Early"]
[Site "chess.com INT"]
[Date "2025.05.20"]
[Round "7"]
[White "Avramidou, Anastasia"]
[Black "Shymanskyi, Oleksandr"]
[Result "1-0"]
[WhiteTitle "FM"]
[BlackTitle "FM"]
[WhiteElo "2294"]
[BlackElo "2218"]
[WhiteFideId "4239873"]
[BlackFideId "14168880"]
[EventDate "2025.05.20"]

1. Nf3 c5 2. c4 g6 3. g3 Bg7 4. Bg2 d6 5. O-O e5 6. Nc3 Ne7 7. b3 O-O 8. Bb2
Nbc6 9. e3 a6 10. a3 Rb8 11. Qe2 Be6 12. Ng5 Bd7 13. Nd5 Nxd5 14. cxd5 Qxg5 15.
dxc6 Bxc6 16. f4 Qe7 17. fxe5 Bxe5 18. Bxe5 Qxe5 19. b4 Bb5 20. d3 cxb4 21. axb4
Qc3 22. Rfd1 Qxb4 23. h4 h5 24. Qf2 Qc5 25. Rac1 Qe5 26. Rc7 d5 27. Rc5 Rbd8 28.
e4 Bc6 29. exd5 Bxd5 30. Re1 Qd6 31. Rxd5 Qxd5 32. Bxd5 Rxd5 33. Qf3 Rfd8 34.
Re7 Rf5 35. Qe4 b5 36. d4 Kg7 37. Re5 Rf6 38. Re8 Rd7 39. Qe5 b4 40. Rb8 a5 41.
Rb6 1-0

[Event "Titled Tue 20th May Early"]
[Site "chess.com INT"]
[Date "2025.05.20"]
[Round "7"]
[White "Srihari, L"]
[Black "Shimanov, Aleksandr"]
[Result "1-0"]
[WhiteTitle "IM"]
[BlackTitle "GM"]
[WhiteElo "2353"]
[BlackElo "2578"]
[WhiteFideId "46642056"]
[BlackFideId "4198603"]
[EventDate "2025.05.20"]

1. c4 e5 2. Nc3 Bb4 3. Nd5 Bc5 4. e3 c6 5. Nc3 d6 6. d4 Bb6 7. Nge2 Qe7 8. g3 h5
9. h3 Be6 10. b3 Nf6 11. Bg2 Nbd7 12. Bb2 Bf5 13. Qd2 e4 14. O-O-O Bc7 15. g4
hxg4 16. Ng3 Bg6 17. hxg4 O-O-O 18. g5 Nh7 19. Ngxe4 Nxg5 20. Nxg5 Qxg5 21. Rhg1
Qe7 22. e4 Rh2 23. f4 Nf6 24. f5 Bh5 25. Rde1 c5 26. Qf4 cxd4 27. Qxh2 dxc3 28.
Bxc3 d5 29. e5 d4 30. exf6 Qa3+ 31. Bb2 Qxa2 32. Qxh5 Bf4+ 33. Kc2 d3+ 34. Kc3
d2 35. Qf3 d1=Q 36. Qxb7# 1-0

[Event "Titled Tue 20th May Early"]
[Site "chess.com INT"]
[Date "2025.05.20"]
[Round "7"]
[White "Chekletsov, Ilya"]
[Black "Goryachkina, Aleksandra"]
[Result "0-1"]
[WhiteTitle "IM"]
[BlackTitle "GM"]
[WhiteElo "2338"]
[BlackElo "2544"]
[WhiteFideId "24177156"]
[BlackFideId "4147103"]
[EventDate "2025.05.20"]

1. e4 c6 2. d4 d5 3. f3 e6 4. Nc3 Bb4 5. Be3 Ne7 6. Bd3 b6 7. a3 Bxc3+ 8. bxc3
Ba6 9. Ne2 Bxd3 10. cxd3 O-O 11. O-O Nd7 12. f4 f5 13. e5 c5 14. Qe1 Rc8 15. Qh4
c4 16. dxc4 Rxc4 17. Rf3 Rf7 18. Rh3 Nf8 19. Rf1 Qd7 20. Qg5 Neg6 21. Rg3 Qe7
22. Qh5 Qh4 23. Qxh4 Nxh4 24. Rb1 Ra4 25. Rb3 Rc7 26. Rh3 Nhg6 27. Rf3 Ne7 28.
Rf1 Nc6 29. Ra1 Nd7 30. Bd2 Na5 31. Rb4 Rc4 32. Nc1 Nb8 33. Nd3 Rcxb4 34. cxb4
Nb3 35. Ra2 Nxd2 36. Rxd2 Rxa3 37. Kf2 Nc6 38. Ne1 Nxb4 39. Ke2 a5 40. Rb2 Ra2
41. Rxa2 Nxa2 42. Kd2 Nb4 43. Nf3 h6 44. h3 Kf7 45. g4 g6 46. g5 h5 47. Kc3 b5
48. Nd2 Nc6 49. Nb3 b4+ 50. Kd3 a4 51. Nc5 a3 52. Kc2 Nxd4+ 53. Kb1 b3 0-1

[Event "Titled Tue 20th May Early"]
[Site "chess.com INT"]
[Date "2025.05.20"]
[Round "7"]
[White "Mafra, Kaiser Luiz"]
[Black "Zaw, Ye Htut"]
[Result "1-0"]
[WhiteTitle "CM"]
[BlackTitle "CM"]
[WhiteElo "2094"]
[BlackElo "2180"]
[WhiteFideId "2106698"]
[BlackFideId "13013955"]
[EventDate "2025.05.20"]

1. e4 d5 2. exd5 Qxd5 3. Nc3 Qa5 4. Bc4 Nf6 5. d4 Nc6 6. Ne2 Bg4 7. f3 Bf5 8.
Bd2 O-O-O 9. Bxf7 Nxd4 10. Nxd4 Rxd4 11. O-O e6 12. g4 Bd6 13. gxf5 Qxf5 14. Qe2
Kd7 15. Rae1 e5 16. Nb5 Rh4 17. Nxd6 cxd6 18. Qb5+ Kc8 19. Re2 Kb8 20. Qd3 Qxd3
21. cxd3 Rc8 22. Bg5 Rd4 23. Bxf6 gxf6 24. Bc4 d5 25. Bb3 Rxd3 26. Rff2 Rg8+ 27.
Rg2 Rc8 28. Kf2 a5 29. Rc2 Rxc2+ 30. Bxc2 Rd2+ 31. Kg3 Rd4 32. Bxh7 Kc7 33. Bf5
Kd6 34. h4 Rc4 35. Rc2 Rc7 36. Rxc7 1-0

[Event "Titled Tue 20th May Early"]
[Site "chess.com INT"]
[Date "2025.05.20"]
[Round "7"]
[White "Gong, Qianyun"]
[Black "Ermolaev, Evgeny"]
[Result "1-0"]
[WhiteTitle "WGM"]
[BlackTitle "FM"]
[WhiteElo "2265"]
[BlackElo "2282"]
[WhiteFideId "8602425"]
[BlackFideId "24103195"]
[EventDate "2025.05.20"]

1. d4 Nf6 2. c4 g6 3. Nc3 Bg7 4. e4 d6 5. g3 O-O 6. Bg2 Nc6 7. Nge2 a6 8. O-O e5
9. d5 Ne7 10. h3 Nd7 11. Rb1 f5 12. b4 a5 13. a3 b6 14. Nb5 Nf6 15. f3 Bd7 16.
Be3 Nh5 17. Bf2 g5 18. exf5 Bxf5 19. Rc1 Nf6 20. Nec3 h5 21. g4 Bg6 22. Qd2 Kh7
23. Rfd1 Qd7 24. c5 axb4 25. axb4 bxc5 26. bxc5 e4 27. gxh5 Bxh5 28. fxe4 Bxd1
29. Rxd1 g4 30. h4 Ng6 31. Nd4 Bh6 32. Qc2 Ne5 33. Nf5 Nh5 34. Ne2 Rf7 35. Ned4
Raf8 36. Ne6 Rxf5 37. exf5 Rf6 38. cxd6 cxd6 39. Be4 Qf7 40. Rb1 Ng7 41. Qc8 Nd7
42. Rb7 Bf4 43. Rxd7 1-0

[Event "Titled Tue 20th May Early"]
[Site "chess.com INT"]
[Date "2025.05.20"]
[Round "7"]
[White "Sabatier, Mathis"]
[Black "Viana, Dirceu"]
[Result "1-0"]
[WhiteTitle "CM"]
[BlackTitle "FM"]
[WhiteElo "2235"]
[BlackElo "2188"]
[WhiteFideId "26029685"]
[BlackFideId "2101360"]
[EventDate "2025.05.20"]

1. e4 e6 2. Nf3 d5 3. e5 c5 4. b4 cxb4 5. a3 bxa3 6. Bxa3 Bxa3 7. Nxa3 Bd7 8. c3
a6 9. d4 Nc6 10. Bd3 h6 11. O-O Rc8 12. Nd2 Na5 13. f4 Rxc3 14. Qe2 g6 15. Rfc1
Rxc1+ 16. Rxc1 Qb6 17. Nf3 Ne7 18. Rb1 Qc7 19. g4 h5 20. h3 hxg4 21. hxg4 b5 22.
Qd2 Nc4 23. Nxc4 dxc4 24. Be4 Bc6 25. Qc2 Bxe4 26. Qxe4 Qc6 27. Qxc6+ Nxc6 28.
Kf2 Ke7 29. Ke3 Nb4 30. Rxb4 Rh3 31. Kf2 Rh1 32. Rb2 Ra1 33. Ne1 c3 34. Rc2 b4
35. Nd3 a5 36. Ke3 Rg1 37. g5 Kd7 38. Ke4 Kc6 39. Ra2 Kb5 40. d5 exd5+ 41. Kxd5
Rd1 42. Ke4 b3 43. Ra3 Rxd3 44. Kxd3 c2 45. Rxb3+ Ka4 46. Kxc2 1-0

[Event "Titled Tue 20th May Early"]
[Site "chess.com INT"]
[Date "2025.05.20"]
[Round "7"]
[White "Hobaica, Juan Pablo"]
[Black "Garcia Correa, Jose Ricardo"]
[Result "1-0"]
[WhiteTitle "IM"]
[BlackTitle "FM"]
[WhiteElo "2412"]
[BlackElo "2103"]
[WhiteFideId "104159"]
[BlackFideId "5101832"]
[EventDate "2025.05.20"]

1. e4 e5 2. Nc3 Nc6 3. g3 Bc5 4. Bg2 Nf6 5. Nf3 d6 6. h3 a6 7. d3 h6 8. Be3 Nd4
9. Qd2 O-O 10. g4 Nh7 11. O-O-O c6 12. Rdg1 b5 13. g5 h5 14. Bxd4 exd4 15. Ne2
Qb6 16. Nf4 g6 17. Nh4 Ra7 18. Nxh5 gxh5 19. f4 Qd8 20. Bf3 Kh8 21. Bxh5 Rg8 22.
Rg2 d5 23. e5 Qe7 24. Rhg1 a5 25. Qf2 Nf8 26. Nf3 Bf5 27. Bg4 Bh7 28. f5 Rxg5
29. Qh4 f6 30. exf6 Qe3+ 31. Kb1 Rg8 32. Bh5 Rxg2 33. Rxg2 a4 34. Qg3 Qh6 35. f7 1-0

[Event "Titled Tue 20th May Early"]
[Site "chess.com INT"]
[Date "2025.05.20"]
[Round "7"]
[White "Hari, Madhavan N B"]
[Black "Vokhidov, Shamsiddin"]
[Result "1/2-1/2"]
[WhiteTitle "IM"]
[BlackTitle "GM"]
[WhiteElo "2386"]
[BlackElo "2641"]
[WhiteFideId "25054309"]
[BlackFideId "14204223"]
[EventDate "2025.05.20"]

1. d4 Nf6 2. Nf3 b6 3. c4 Bb7 4. Nc3 e6 5. g3 Bb4 6. Bd2 Bxc3 7. Bxc3 Ne4 8. Rc1
O-O 9. Bg2 d6 10. O-O Nxc3 11. Rxc3 Nd7 12. Nh4 Bxg2 13. Nxg2 e5 14. dxe5 Nxe5
15. b3 a5 16. Nf4 Re8 17. Qd2 Qd7 18. Nd5 Rad8 19. Kg2 Nc6 20. Re3 Rxe3 21. Qxe3
Re8 22. Qd2 Ne7 23. e3 h5 24. Nxe7+ Rxe7 25. h4 Qf5 26. Rd1 Qe4+ 27. Kg1 Re5 28.
Qd4 Qf3 29. Re1 g6 30. Qd1 Qe4 31. Qb1 Qc6 32. Qd1 a4 33. Re2 axb3 34. axb3 Ra5
35. Rd2 Ra3 36. Rd5 Qa8 37. Kg2 Qe8 38. Qd3 Qe6 39. Rd4 Qe5 40. Re4 Rxb3 41. Qc2
Rb2 42. Qd3 Qf6 43. Rf4 Qe6 44. Re4 Qd7 45. Qd5 Rb1 46. Qa8+ Kg7 47. Re8 Kf6 48.
Re4 Kg7 49. Re8 Kf6 50. Re4 Kg7 1/2-1/2

[Event "Titled Tue 20th May Early"]
[Site "chess.com INT"]
[Date "2025.05.20"]
[Round "7"]
[White "Behzad Nazif, Parva"]
[Black "Begmuratov, Alisher"]
[Result "0-1"]
[WhiteTitle "WIM"]
[BlackTitle "FM"]
[WhiteElo "2090"]
[BlackElo "2395"]
[WhiteFideId "12563790"]
[BlackFideId "14203367"]
[EventDate "2025.05.20"]

1. e4 d6 2. d4 Nf6 3. Bd3 e5 4. Nf3 exd4 5. Nxd4 Nc6 6. Nxc6 bxc6 7. O-O Be7 8.
Nc3 O-O 9. f3 Rb8 10. b3 Nd7 11. Bb2 Bf6 12. f4 Nc5 13. Qe2 Re8 14. Rad1 Bd4+
15. Kh1 Qf6 16. e5 dxe5 17. fxe5 Qxe5 18. Qxe5 Bxe5 19. Rde1 Nxd3 20. cxd3 Ba6
21. Rf3 Bd4 22. Ref1 f6 23. Na4 Bxb2 24. Nxb2 Rbd8 25. Nc4 Re2 26. a4 Bxc4 27.
bxc4 Rd2 28. h3 R8xd3 29. Rxd3 Rxd3 30. Rb1 Rd4 31. Rb7 Rxc4 32. Rxa7 h5 33.
Rxc7 Rxa4 34. Rxc6 Kf7 35. Kh2 h4 36. Rc2 g5 37. Kg1 Kg6 38. Kf2 Rf4+ 39. Kg1
Kf5 40. Re2 Re4 41. Ra2 Kf4 42. Kf2 Rb4 43. Rc2 f5 44. Ra2 g4 45. hxg4 fxg4 46.
Ra8 Rb2+ 47. Kg1 Rb1+ 48. Kf2 g3+ 49. Ke2 h3 50. Re8 hxg2 51. Rf8+ Ke5 52. Re8+
Kd6 53. Rd8+ Ke7 0-1

[Event "Titled Tue 20th May Early"]
[Site "chess.com INT"]
[Date "2025.05.20"]
[Round "7"]
[White "Bashirli, Saadat"]
[Black "Arakelyan, Manvel"]
[Result "0-1"]
[WhiteTitle "WCM"]
[BlackTitle "FM"]
[WhiteElo "1941"]
[BlackElo "2326"]
[WhiteFideId "13429990"]
[BlackFideId "13317415"]
[EventDate "2025.05.20"]

1. d4 e6 2. c4 b6 3. Nc3 Bb4 4. e4 Bb7 5. Bd3 f5 6. Qe2 Ne7 7. Nf3 O-O 8. O-O
Bxc3 9. bxc3 Ng6 10. exf5 exf5 11. d5 Na6 12. Nd4 Nc5 13. Bxf5 Qf6 14. Be3 Rae8
15. Qd2 Ne5 16. Qe2 Ba6 17. Rfe1 Bxc4 18. Qd2 Bxd5 19. Bg5 Qf7 20. h4 h6 21. Bf4
Nc4 22. Qc2 Qf6 23. Bg3 Ne6 24. Nxe6 dxe6 25. Bg6 Rd8 26. h5 Qg5 27. Rad1 Rf6
28. Qe2 Rdf8 29. Rd4 Rxf2 30. Qxf2 Rxf2 31. Kxf2 c5 32. Rdd1 Qf6+ 33. Kg1 Qxc3
34. Bf2 Qf6 35. Re2 Qg5 36. Rde1 Qxg2# 0-1

[Event "Titled Tue 20th May Early"]
[Site "chess.com INT"]
[Date "2025.05.20"]
[Round "7"]
[White "Shubenkova, Veronika"]
[Black "Jacobsen, Mikkel Manosri"]
[Result "1-0"]
[WhiteTitle "WFM"]
[BlackTitle "FM"]
[WhiteElo "2024"]
[BlackElo "2223"]
[WhiteFideId "44124040"]
[BlackFideId "1444514"]
[EventDate "2025.05.20"]

1. d4 d5 2. e3 Nf6 3. f4 Bf5 4. Nf3 e6 5. c3 c5 6. Bd3 Bxd3 7. Qxd3 Nc6 8. Nbd2
Qc7 9. O-O cxd4 10. exd4 Qxf4 11. Ne5 Qh4 12. Ndf3 Qh5 13. Qb5 Bd6 14. Qxb7 O-O
15. Qxc6 Ne4 16. Bf4 g5 17. Bg3 g4 18. Nh4 f6 19. Nd7 Bxg3 20. hxg3 Nxg3 21.
Qxe6+ Kh8 22. Nxf8 Rxf8 23. Rxf6 Re8 24. Ng6+ Kg7 25. Rf7+ Kh6 26. Qxe8 Qh1+ 27.
Kf2 Ne4+ 28. Qxe4 Qh4+ 29. Nxh4 1-0

[Event "Titled Tue 20th May Early"]
[Site "chess.com INT"]
[Date "2025.05.20"]
[Round "7"]
[White "Sakun, Volodymyr"]
[Black "Goltsev, Dmitry"]
[Result "1/2-1/2"]
[WhiteTitle "FM"]
[BlackTitle "FM"]
[WhiteElo "2301"]
[BlackElo "2183"]
[WhiteFideId "14114062"]
[BlackFideId "24176710"]
[EventDate "2025.05.20"]

1. d4 e6 2. e3 d5 3. Nf3 c5 4. c3 Nc6 5. Bd3 Nf6 6. Nbd2 Bd6 7. Qe2 e5 8. dxe5
Nxe5 9. Nxe5 Bxe5 10. e4 O-O 11. O-O dxe4 12. Nxe4 Re8 13. Bg5 Bf5 14. Qf3 Bxe4
15. Bxe4 h6 16. Bxf6 Qxf6 17. Bxb7 Rab8 18. Rab1 Qxf3 19. Bxf3 Red8 20. b4 c4
21. Rfc1 Rd3 22. Be2 Rxc3 23. Rxc3 Bxc3 24. b5 Rc8 25. Rc1 Bd2 26. Rxc4 Rxc4 27.
Bxc4 Kf8 28. Kf1 Ke7 29. Ke2 Ba5 30. Kd3 f5 31. Kd4 Kd6 32. Kd3 Kc5 33. f3 f4
34. a4 Kb4 35. Bd5 Kxa4 36. Bc6 Kb4 37. Ke4 Bc7 38. Kf5 Kc5 39. Be8 Kb6 40. h4
a6 41. bxa6 Kxa6 42. Kg6 Be5 43. Kf5 Bc7 44. Kg6 Be5 45. Kf5 Bc7 1/2-1/2

[Event "Titled Tue 20th May Early"]
[Site "chess.com INT"]
[Date "2025.05.20"]
[Round "7"]
[White "Dann, Matthias"]
[Black "Mizzi, Jack"]
[Result "1/2-1/2"]
[WhiteTitle "IM"]
[BlackTitle "CM"]
[WhiteElo "2446"]
[BlackElo "2086"]
[WhiteFideId "24638056"]
[BlackFideId "5602521"]
[EventDate "2025.05.20"]

1. e4 c6 2. d4 d5 3. exd5 cxd5 4. Bd3 Nc6 5. c3 Qc7 6. h3 Nf6 7. Nf3 g6 8. O-O
Bg7 9. Re1 O-O 10. Nbd2 Re8 11. Nb3 Bf5 12. Nc5 Bxd3 13. Nxd3 Ne4 14. Bf4 Qb6
15. Ng5 Nxg5 16. Bxg5 e6 17. Qf3 a5 18. Bf6 Bxf6 19. Qxf6 Qd8 20. Qf4 a4 21. Re3
a3 22. b3 Rc8 23. Rae1 Kg7 24. Rf3 Rf8 25. h4 h6 26. Ne5 Nxe5 27. Rxe5 b5 28. g3
b4 29. Ree3 bxc3 30. Rxc3 Rxc3 31. Rxc3 Qf6 32. Qd2 Qf5 33. Rc7 Rb8 34. Kg2 Qe4+
35. f3 Qb1 36. Rc1 Qf5 37. g4 Qf6 38. Kg3 g5 39. h5 Rb4 40. Rd1 Rb8 41. Rc1 Rb4
42. Rd1 Rb7 43. Rc1 Rb4 1/2-1/2

[Event "Titled Tue 20th May Early"]
[Site "chess.com INT"]
[Date "2025.05.20"]
[Round "7"]
[White "Nakonechnyi, Oleksii"]
[Black "Yushko, Olga"]
[Result "1-0"]
[BlackTitle "WFM"]
[WhiteElo "2224"]
[BlackElo "2036"]
[WhiteFideId "34173714"]
[BlackFideId "14114500"]
[EventDate "2025.05.20"]

1. e4 Nf6 2. e5 Nd5 3. Nf3 d6 4. d4 Bg4 5. Bc4 e6 6. h3 Bxf3 7. Qxf3 dxe5 8.
dxe5 Nc6 9. Qe4 Bc5 10. O-O O-O 11. a3 Nce7 12. b4 Bb6 13. Bb3 a5 14. c4 f5 15.
Qe2 Bd4 16. Ra2 Nc3 17. Nxc3 Bxc3 18. c5 axb4 19. Bxe6+ Kh8 20. axb4 Rxa2 21.
Qxa2 Bxb4 22. Be3 f4 23. Bc1 Bxc5 24. Qc4 Qd4 25. Qb5 Qxe5 26. Bg4 f3 27. Qd3
fxg2 28. Kxg2 Bd6 29. Rh1 Ng6 30. Kf1 b5 31. Be3 b4 32. Bd1 c5 33. Rg1 Qf5 34.
Qxf5 Rxf5 35. Bc2 Rf6 36. Bb3 Ne5 37. Ke2 c4 38. Ba4 b3 39. Rd1 b2 40. Bc2 Kg8
41. Bd4 Kf7 42. Bxb2 Re6 43. Kf1 Nf3 44. Bf5 Re7 45. Bxh7 Bb4 46. Bc2 c3 47. Bc1
Ra7 48. Bb3+ Ke7 49. Kg2 Nh4+ 50. Kg3 Nf5+ 51. Kg4 Nd6 52. Bg5+ Kd7 53. Bf4 Ra3
54. Bc2 Ra2 55. Bf5+ Ke7 56. Re1+ Kf7 57. Be6+ Kf8 58. Bxa2 Nf7 59. Bxf7 Kxf7
60. Be5 g6 61. Rc1 Ke6 62. Bxc3 Bc5 63. f4 1-0

[Event "Titled Tue 20th May Early"]
[Site "chess.com INT"]
[Date "2025.05.20"]
[Round "7"]
[White "Dambaev, Dashi"]
[Black "Shokirjonova, Barchinoy"]
[Result "1-0"]
[WhiteTitle "CM"]
[BlackTitle "WFM"]
[WhiteElo "2211"]
[BlackElo "2043"]
[WhiteFideId "55628494"]
[BlackFideId "14212307"]
[EventDate "2025.05.20"]

1. e4 e6 2. d4 d5 3. Nd2 c5 4. exd5 Qxd5 5. Ngf3 cxd4 6. Bc4 Qd7 7. O-O Nf6 8.
Nb3 Nc6 9. Nbxd4 Nxd4 10. Qxd4 Qxd4 11. Nxd4 a6 12. Be2 Bc5 13. Nb3 Bb6 14. Bf4
O-O 15. Bf3 Nd5 16. Bg3 Bc7 17. Bxd5 Bxg3 18. hxg3 exd5 19. Rfd1 Be6 20. c3 Rfd8
21. f3 Rd6 22. g4 Rad8 23. Kf2 b6 24. Nd4 f6 25. Re1 Kf7 26. Re3 Re8 27. Rae1 g6
28. Rh1 Rh8 29. Kg3 h5 30. gxh5 gxh5 31. Kf4 h4 32. g4 Bd7 33. Re2 f5 34. g5 Kg6
35. Reh2 Be8 36. Rxh4 Rxh4+ 37. Rxh4 Kg7 38. Nxf5+ 1-0